000 00783nam a2200217Ii 4500
003 JO-AjNU
008 230605s9999||||xx |||||||||||||| ||und||
017 _a1970/3776
040 _aJO-AjNU
_bara
_erda
_cJO-AjNU
041 _aara
050 1 4 _aBF128.A7.R342.1970
100 3 _aراجح، احمد عزت,
_eauthor
_959362
245 0 0 _aاصول علم النفس
250 _aط8 مزيدة ومنقحة
264 3 1 _aالاسكندرية: المكتب المصري الحديث، 1970
300 _a649ص
_bيحتوي على معجم انجليزي عربي من ص 625-638، يحتوي على فهرس من ص 639-649
336 _atext
_btxt
_2rdacontent
337 _aunmediated
_bn
_2rdamedia
338 _avolume
_bnc
_2rdacarrier
650 4 _aعلم النفس
_959363
999 _aA26709
_c30277
_d30277